Historiografická analýza osobností dejín národného hospodárstva a ich odkaz pre súčasnosť

Pokračovanie príspevku z predchádzajúceho čísla. Analýza prínosov jednotlivých aktivít Henryho Forda s akcentom na predmet jeho činnosti. Analýza prínosov jednotlivých aktivít Tomáša Baťu s akcentom na predmet jeho činnosti. Analýza prínosov jednotlivých aktivít Elona Muska s akcentom na predmet jeh...

ver descrição completa

Na minha lista:
Detalhes bibliográficos
Autor principal: Baláži, Peter
Formato: Capítulo de Livro
Idioma:eslovaco
Assuntos:
Tags: Adicionar Tag
Sem tags, seja o primeiro a adicionar uma tag!

MARC

LEADER 00000naa a2200000 4500
001 0250808
005 20260205071858.9
041 0 |a slo 
044 |a SK 
245 1 0 |a Historiografická analýza osobností dejín národného hospodárstva a ich odkaz pre súčasnosť  |c Peter Baláži 
520 |a Pokračovanie príspevku z predchádzajúceho čísla. Analýza prínosov jednotlivých aktivít Henryho Forda s akcentom na predmet jeho činnosti. Analýza prínosov jednotlivých aktivít Tomáša Baťu s akcentom na predmet jeho činnosti. Analýza prínosov jednotlivých aktivít Elona Muska s akcentom na predmet jeho činnosti. 
610 2 0 |a osobnosť 
610 2 0 |a fordizmus 
610 2 0 |a batizmus 
610 2 0 |a história 
610 2 0 |a dejiny myslenia ekonomického 
610 2 0 |a dejiny teórií ekonomických 
610 2 0 |a riadenie podnikové 
100 1 |a Baláži, Peter